00199nam a2200073Ia 4500008004100000100001700041245004300058260002400101180219s9999 xx 000 0 und d aRao Bhaskara 0aMethods Of Teaching Physical Education aNew Delhi Discovery